| 000 | 00370 a2200145 4500 | ||
|---|---|---|---|
| 005 | 20250317150144.0 | ||
| 020 | _a978-0-8400-3436-6 | ||
| 082 | _a317.4 ZUN | ||
| 100 | _aZUNKER, V. G. | ||
| 245 | _aCareer Counseling: A Holistic Approach | ||
| 250 | _a8th Ed. | ||
| 260 |
_aLondon, _bCengage, _c2012. |
||
| 300 |
_axxvi, 474p. _bIndex, references. _c26cm. |
||
| 942 |
_2ddc _cBKS |
||
| 999 |
_c818 _d818 |
||